000 00530nam a2200193 a 4500
005 20140310183518.0
008 110128s19uu xx 00 eng d
020 _a9710870637
050 _aLB 1765.P6
_b.M115 2009
100 _aMacarandan, Abella C.
245 _aLicensure examination fot teachers:
_breviewer. /
250 _a3rd
260 _aMandaluyong City :
_b[.S.n.]
_c2009.
300 _a324 p. :
_c22 cm.
521 _aEDU
650 _aTeachers-Examinations-Reviews.
942 _cBK
_2lcc
_kLOC
999 _c24336
_d24336